|
|
|
|
| LEADER |
01421nam a2200373 a 4500 |
| 001 |
000757969 |
| 003 |
CZ BrMZK |
| 005 |
20050214132200.0 |
| 007 |
ta |
| 008 |
050104s2004 xr d er 000 0 eng d |
| 015 |
|
|
|a cnb001411224
|
| 020 |
|
|
|a 80-7343-020-7
|q (Univerzita Karlova v Praze,CERGE :
|q brož.)
|
| 020 |
|
|
|a 80-7344-009-1
|q (Národohospodářský ústav AV ČR :
|q brož.)
|
| 035 |
|
|
|a (OCoLC)85115255
|
| 040 |
|
|
|a BOA001
|b cze
|
| 072 |
|
7 |
|a 33
|x Ekonomie
|2 Konspekt
|9 4
|
| 080 |
|
|
|a 339.54
|2 MRF
|
| 080 |
|
|
|a 519.673
|2 MRF
|
| 080 |
|
|
|a (048.8)
|2 MRF
|
| 100 |
1 |
|
|a Kúnin, Michael
|7 jx20041029012
|4 aut
|
| 245 |
1 |
0 |
|a Strategic trade policy and vertical product differentiation: intra-industry trade between developed and developing countries /
|c Michael Kúnin and Krešimir Žigić
|
| 260 |
|
|
|a Prague :
|b CERGE-EI,
|c 2004
|
| 300 |
|
|
|a 37 s. :
|b grafická znázornění ;
|c 21 cm
|
| 490 |
1 |
|
|a Working paper series,
|x 1211-3298 ;
|v 230
|
| 504 |
|
|
|a Obsahuje bibliografii
|
| 650 |
0 |
7 |
|a obchodní politika
|7 ph123559
|2 czenas
|
| 650 |
0 |
7 |
|a matematické modelování
|7 ph115240
|2 czenas
|
| 655 |
|
7 |
|a studie
|7 fd133597
|2 czenas
|
| 700 |
1 |
|
|a Žigić, Krešimir
|7 jx20041029033
|4 aut
|
| 830 |
|
0 |
|a Working paper series (CERGE-EI)
|0 s
|
| 910 |
|
|
|a BOA001
|b 2-1145.006
|
| 990 |
|
|
|a BK
|
| 991 |
|
|
|b 200502
|c NOV
|
| 996 |
6 |
|
|b 2610237217
|c 2-1145.006
|l MZK
|r Sklad / do 1 hodiny
|n 1
|p p.v.
|w 000757969
|u 000010
|a 1
|e BOA001
|j MZK50
|s P
|